000 00479nam a22001817a 4500
008 180907b xxu||||| |||| 00| | tur d
020 _a9758829564
041 _atur
050 _aPL248.T648
100 _aTopal, Semra
_91167
245 _aGece Gülüşü
250 _a1. Baskı
260 _aİstanbul
_bAgora Kitaplığı
_cAğustos 2005
300 _a136 Sayfa
500 _aTürkçe Edebiyat: 16 2 adet mevcuttur.
650 0 _9145
_aTürk Edebiyatı
942 _2lcc
_cBK
999 _c2448
_d2407